000 005610000a22001810004500
003 MACL
005 20151211150350.0
008 151211b xxu||||| |||| 00| 0 eng d
040 _aMACL
_cMACL
041 _aHindi
082 _a741.642
100 _aसिद्धार्थ जोशी
_919955
245 _aनार्वे की श्रेष्‍ठ लोक कथाएं
260 _bपरमेशवरी प्रकाशन
_c2004
350 _a60
650 _aचिल्‍डन बुक
_9314
942 _cHIN
_k741.642
_2ddc
999 _c10740
_d10740